000 00886nam a2200253 a 4500
001 BRCA_2934
005 20190320204032.0
008 151208s1950----mx-a---###---#000-0#spa-u
050 4 _aND250
_b.M66 1950
100 1 _aMontenegro, Roberto
_d1887-1968
_98162
245 1 0 _aRetablos de México = Mexican Votive Paintings
_cRoberto Montenegro ; traducción al inglés por Irene Nicholson.
260 _aMéxico
_bEdiciones Mexicanas
_c1950
300 _a15 p.
_bil. (algunas a color), 80 láminas
_c24 cm.
500 _aEjemplar igual al número de sistema 823 del Fondo Ruth Lechuga
500 _aB60
546 _aTexto en : español e inglés
650 1 4 _aPintura mexicana
_93715
650 1 4 _aArte popular
_zMéxico
_9882
650 1 4 _aRetablos mexicanos
_93581
700 1 _aNicholson, Irene
_etr.
_98163
740 0 _aMexican Votive Paintings
902 _aGFM
942 _2lcc
_cB
999 _c2673
_d2673